| 000 | 01015cam a2200277 4500 | ||
|---|---|---|---|
| 001 | ABS63577 | ||
| 008 | 000000n2001 000 0 eng u | ||
| 035 | _a(Sirsi) u111142 | ||
| 100 | _aRoberts, N. | ||
| 245 | 4 | _aThe Leasehold Valuation Tribunals and service charges - some problems of jurisdiction | |
| 260 | _c2001 | ||
| 490 |
_aThe Conveyancer _v(65) Jan/Feb 2001, 61-77(16) |
||
| 520 | _aArgues that there is confusion over the jurisdiction of Leasehold Valuation Tribunals (LVTs) which interferes with their ability to deal with service charge disputes. Looks at the scope of the jurisdiction of the LVT. | ||
| 590 | _aABS | ||
| 650 | _aSERVICE CHARGES | ||
| 650 | _aLEASEHOLD VALUATION TRIBUNALS | ||
| 650 | _aHOUSING ACT 1996 S83 | ||
| 650 | _aHOUSING ACT 1996 S86 | ||
| 650 | _aJURISDICTION | ||
| 650 | _aLEASES | ||
| 650 | _aDISPUTES | ||
| 650 | _aLANDLORD AND TENANT ACT 1985 S19 | ||
| 650 | _aLANDLORD AND TENANT ACT 1985 S20 | ||
| 690 |
_aLandlord and tenant _96252 |
||
| 942 | _n0 | ||
| 999 |
_c66217 _d66217 |
||